Les drapeaux avec du jaune - Mort subite - Statistiques

Statistiques générales
  • Ce quiz a été pris 753 fois
    294 depuis la dernière actualisation
  • Le résultat moyen est 7 sur 10
Answers on the Grid
Answers color-coded by a green-red scale on the quiz's grid according to % correct below.
Eswatini
Suède
Belgique
Colombie
Brésil
Gabon
République du Congo
Inde
Venezuela
Jamaïque
USA
France
Italie
Malawi
Canada
Chine
Russie
Somalie
Mexique
Paraguay
 
Statistiques - réponses
Réponse % Correct
Brésil
82%
Belgique
78%
Jamaïque
77%
Suède
77%
Chine
74%
Colombie
74%
Venezuela
69%
Gabon
53%
République du Congo
51%
Eswatini
30%
Aucun quiz correspondant
Distribution des résultats
% des personnes avec chaque résultat
Percentile par nombre de réponses
Votre historique - résultats
Vous n’avez pas pris ce quiz depuis la dernière actualisation